Proceedings of the second workshop on scientific results of FORV SAGAR SAMPADA (Record no. 43932)

MARC details
000 -LEADER
fixed length control field 00351nam a2200109Ia 4500
082 ## - DEWEY DECIMAL CLASSIFICATION NUMBER
Classification number 551.46(061.3)
Item number PIL
245 #0 - TITLE STATEMENT
Title Proceedings of the second workshop on scientific results of FORV SAGAR SAMPADA
260 ## - PUBLICATION, DISTRIBUTION, ETC. (IMPRINT)
Place of publication New Delhi
Name of publisher Depeartment og Ocean Development
Year of publication 1996
700 ## - ADDED ENTRY--PERSONAL NAME
Personal name Pillai, V K
942 ## - ADDED ENTRY ELEMENTS (KOHA)
Koha item type Books
Holdings
Withdrawn status Lost status Damaged status Not for loan Home library Current library Date acquired Source of acquisition Full call number Accession Number Koha item type
        RRII Library RRII Library 16/12/2021 Gift 551.46(061.3) PIL G00681 Books